The economics of development and planning (Record no. 491925)

000 -LEADER
fixed length control field 00451cam a22001577a 4500
008 - FIXED-LENGTH DATA ELEMENTS--GENERAL INFORMATION
fixed length control field 180718b1986 xxu||||| |||| 00| 0 eng d
020 ## - INTERNATIONAL STANDARD BOOK NUMBER
International Standard Book Number 8122000509
082 ## - DEWEY DECIMAL CLASSIFICATION NUMBER
Classification number T19x54 J559e
100 ## - MAIN ENTRY--PERSONAL NAME
Personal name Jhingan, M.L.
245 ## - TITLE STATEMENT
Title The economics of development and planning
Statement of responsibility, etc. by M.L. Jhingan
250 ## - EDITION STATEMENT
Edition statement 20th rev. ed.
260 ## - PUBLICATION, DISTRIBUTION, ETC.
Place of publication, distribution, etc. New Delhi
Name of publisher, distributor, etc. Konark
Date of publication, distribution, etc. 1986
300 ## - PHYSICAL DESCRIPTION
Extent 912p.
650 ## - SUBJECT ADDED ENTRY--TOPICAL TERM
Topical term or geographic name entry element India - Economic conditions
650 ## - SUBJECT ADDED ENTRY--TOPICAL TERM
Topical term or geographic name entry element Economic development - India
Holdings
Withdrawn status Lost status Damaged status Not for loan Permanent Location Current Location Date acquired Full call number Barcode Date last seen Price effective from Koha item type
        Indian Institute of Public Administration Indian Institute of Public Administration 2018-08-04 T19x54 J559e GR15652 2018-08-04 2018-08-04 GR

Powered by Koha